000 00681nam a2200205Ii 4500
003 JO-AjNU
008 230605s9999||||xx |||||||||||||| ||und||
040 _aJO-AjNU
_bara
_erda
_cJO-AjNU
041 _aara
050 1 4 _aPJ7542.Q3.A8934 1987
100 3 _aعطوان، حسين,
_eauthor
_940161
245 0 0 _aمقدمة القصيدة العربية في صدر الاسلام
250 _aط1
264 3 1 _aبيروت: دار الجيل،1987
300 _a105ص
336 _atext
_btxt
_2rdacontent
337 _aunmediated
_bn
_2rdamedia
338 _avolume
_bnc
_2rdacarrier
650 4 _aالشعر العربي-تاريخ ونقد-عصر صدر الاسلام
_940162
999 _aA17020
_c20588
_d20588